Zmeny vo vysokoškolskom štúdiu

Bibliographic Details
Main Author: Kimlička, Štefan, 1943-2006 (Author)
Format: Article
Language:Slovak
Subjects:

MARC

LEADER 00000nab a2200000 a 4500
001 vtls000415111
003 SK-MaSNL
005 20260305010435.0
008 230217c1991 xo 0 slo
015 |a SNBRB19rr/mm-uuuuu 
035 |a CL0415236 
035 |a urn:nbn:sk:snk-abblpq 
035 |a (urnnbn)urn:nbn:sk:snk:ar-0016og 
035 |a (uuid)c0f27bab-79c6-4c43-b7a9-63cdf6bdec42 
040 |a SNKBUCL  |b slo  |c SNKBUCL  |e AACR2 
041 0 |a slo 
044 |a xo  |c SK 
080 |a 378.4.096:023.4(437.6)  |2 1981 
080 |a 023.4(437.6)  |2 1981 
100 1 |a Kimlička, Štefan,  |d 1943-2006  |4 aut  |9 264216 
245 1 0 |a Zmeny vo vysokoškolskom štúdiu  |c Štefan Kimlička 
610 2 7 |a Univerzita Komenského v Bratislave.  |b Filozofická fakulta  |2 SNKKA 
655 7 |a články z novín a časopisov  |2 snkbucl  |9 267496 
773 0 |t Čitateľ  |g Roč. 40, č. 5 (1991), s. 168-169 
850 |a Slovenská národná knižnica v Martine  |a MTA001 
852 |a SNK  |b KIS3GCP 
954 |a odborná, vedecká literatúra pôvodná (slovenská)  |2 lita 
957 |a 5100 
958 |a OND 
958 |a RK 
958 |a KL 
958 |a EUIPO 
958 |a article15 
992 |a RBX 
999 |c 3246708  |d 3248638